Direito e economia no Brasil estudos sobre a anl̀ise econm̥ica do direito /

Detalles Bibliográficos
Autor principal: Benetti Timm, Luciano
Formato: eBook
Lenguaje:portugués
Publicado: Indaiatuba: Editora Foco, 2021
Materias:
Acceso en línea:Acceso restringido

MARC

LEADER 00000nam a22000007a 4500
005 20211214214510.0
007 cr|||| ||||
008 211214s2021 br |||||s|||| 00||0 por d
020 |a 978-65-5515-225-8 
035 |a 35469 
040 |a vLex 
090 |c 12709  |d 12709 
100 1 |a Benetti Timm, Luciano 
245 1 0 |a Direito e economia no Brasil  |h [Recurso electrn̤ico] /  |b estudos sobre a anl̀ise econm̥ica do direito /  |c Luciano Benetti Timm 
256 |a Servicio en ln̕ea 
260 |a Indaiatuba:  |b Editora Foco,  |c 2021 
300 |a 1 recurso electrn̤ico 
500 |a Esse livro prope̳-se a ser um guia introdutr̤io da anl̀ise econm̥ica do direito. Por este motivo, ele pode ser lido por aqueles que nô tem qualquer iniciaȯ̂ ̉Economia. De outra parte, dado o conhecimento dos autores e abordagem por eles levada a efeito garantem que nô apenas o leitor nô iniciado pode se beneficiar da leitura do livro. Aqueles que j ̀possuem conhecimentos sobre a matřia, acredita-se, tambm̌ encontrar ̀valiosas ferramentas para adquirir uma compreensô mais profunda do tema. Da mesma forma, o operador do Direito igualmente poder ̀encontrar nas pg̀inas desta obra o argumento sl̤ido para apresentaȯ̂ de seu caso ou de fundamento da decisô. Se o Law and Economics nô veio para fazer tb̀ua rasa do conhecimento e da prt̀ica jurd̕ica, a verdade ̌que esta ferramenta analt̕ica fornece ao jurista um relevante recorte metodolg̤ico que muito contribui para anl̀ise e soluȯ̂ de problemas jurd̕icos, desvelando a natureza do comportamento humano, os interesses em jogo, as consequn̊cias das decise̳s e a pragmt̀ica do Direito em aȯ̂ (law in action). A fim de facilitar a leitura dos textos, foi assegurada a autonomia e independn̊cia de cada capt̕ulo. Ou seja, os capt̕ulos estô dispostos de modo que a leitura de um nô pressupe̳ a leitura dos outros. As exceė̳s sô os capt̕ulos 1, 2, 3 e 4, que introduzem a anl̀ise econm̥ica do Direito, microeconomia, a macroeconomia e a teoria dos jogos, respectivamente, e podem facilitar a compreensô de todos os textos subsequentes. O custo dessa disposiȯ̂, por certo, ̌uma certa sobreposiȯ̂ dos assuntos analisados, o que, por certo, nô prejudica a leitura do livro. Ainda assim, vale dizer que h ̀uma progressô lg̤ica dos capt̕ulos, de forma que indicamos a leitura do livro na ordem aqui apresentada. 
506 1 |a Disponible solo en los productos indicados  |d vLex Global  |d vLex Global (Academic Edition, excluding Law Schools)  |d vLex Global (U.S. Academic Edition, Law Schools)  |d vLex Global (U.S. Academic Edition, excluding Law Schools)  |d vLex Global (Academic Edition, Law Schools) 
650 0 4 |a Economa̕ y negocios  |z Brasil 
740 0 |a vLex Libros (Servicio en ln̕ea) 
856 4 0 |u https://app.vlex.com/#/sources/35469  |z Acceso restringido 
942 |c BOOK 
999 0 |a Economy and business